Punto y Contrapunto (Record no. 279)
[ view plain ]
| 000 -LEADER | |
|---|---|
| campo de control de longitud fija | 00593 a2200157 4500 |
| 020 ## - NÚMERO INTERNACIONAL ESTÁNDAR DEL LIBRO | |
| Número Internacional Estándar del Libro | 9879968530156 |
| 082 ## - NÚMERO DE LA CLASIFICACIÓN DECIMAL DEWEY | |
| Número de clasificación | 725.804.2 |
| Número de ítem | F363p |
| 100 ## - ENTRADA PRINCIPAL--NOMBRE DE PERSONA | |
| Nombre de persona | Fernandez, Andres |
| 9 (RLIN) | 1280 |
| 110 ## - ENTRADA PRINCIPAL--NOMBRE DE ENTIDAD CORPORATIVA | |
| Nombre de entidad corporativa o nombre de jurisdicción como elemento de entrada | Museos del Banco Central de Costa Rica |
| 9 (RLIN) | 1281 |
| 245 ## - MENCIÓN DEL TÍTULO | |
| Título | Punto y Contrapunto |
| Resto del título | La Plaza de la Cultura Point and Counterpoint |
| 260 ## - PUBLICACIÓN, DISTRIBUCIÓN, ETC. | |
| Lugar de publicación, distribución, etc. | San Jose, Costa Rica |
| Nombre del editor, distribuidor, etc. | Fundacion Museos Banco Central |
| Fecha de publicación, distribución, etc. | 2013 |
| 300 ## - DESCRIPCIÓN FÍSICA | |
| Extensión | 158 p |
| Otras características físicas | il (col) |
| Dimensiones | 21 cm |
| 650 ## - PUNTO DE ACCESO ADICIONAL DE MATERIA--TÉRMINO DE MATERIA | |
| Término de materia o nombre geográfico como elemento de entrada | arquitectura |
| Subdivisión general | Plaza de la Cultura |
| -- | Complejo arquitectonico |
| 9 (RLIN) | 1282 |
| 700 ## - ENTRADA AGREGADA--NOMBRE PERSONAL | |
| Nombre de persona | Andres Fernandez |
| 9 (RLIN) | 1283 |
| 710 ## - ENTRADA AGREGADA--NOMBRE DE ENTIDAD CORPORATIVA | |
| Nombre de entidad corporativa o nombre de jurisdicción como elemento de entrada | Museos del Banco Central de Costa Rica |
| 9 (RLIN) | 1284 |
| Estatus retirado | Estado de pérdida | Fuente del sistema de clasificación o colocación | Estado de daño | No para préstamo | Biblioteca de origen | Biblioteca actual | Ubicación en estantería | Fecha de adquisición | Total de préstamos | Signatura topográfica completa | Código de barras | Visto por última vez | Precio de reemplazo | Tipo de ítem Koha |
|---|---|---|---|---|---|---|---|---|---|---|---|---|---|---|
| Clasificación Decimal Dewey | Biblioteca LadoV | Biblioteca LadoV | 14/08/2014 | 725.804.2 F363p | 003991 | 14/08/2014 | 14/08/2014 | Material 01 |
